1273 1874 1355 1981 1290 1167 1399 1601 1235 1804 1258 1258 1633 1424 1270 1512 1307 1697 1068 1624 1432 1004 1181 1102 1023 1779 1478 1119 1050 1864 1393 1865 1761 1363 1238 1188 1778 1501 1799 1377 1510 1103 1193 1099 1766 1564 1338 1860 1990 1929 1210 1898 1310 1947 1002 1931 1480 1501 1257 1917 1563 1180 1908 2000 1263 1124 1044 1461 1420 1464 1732 1935 1429 1885 1035 1708 1280 1499 1929 1085 1426 1665 1232 1826 1534 1074 1684 1476 1446 1799 1161 1080 1395 1630 1078 1516 1926 1976 1306 BCNSPRNW ULIB Ver.6.0+V

เปลี่ยนเป็นภาษาไทย

Change to English
 แสดงรายละเอียดบรรณานุกรม
  กลับหน้าหลัก

Brief Record : Get Marc (ISO 2709) : E-mail record : QR code < ปิดหน้าต่าง
LEADER : 00000nam 2200000uu 4500
001    13399129140
003     ULIB
008    250718s2017||||th 000 0 tha d
020    ^a9781316646731
050  4 ^aPE1112^bM978B
100 1  ^aMurphy, Raymond.
245 1  ^aBasic grammar in use :^bself-study reference and practice for students of American English.^pWith answers and ebook /^cRaymond Murphy, with William R. Smalzer and Joseph Chapple.
246 3  ^aBasic grammar in use.
250    ^a4th ed.
260    ^aCambridge :^bCambridge University Press,^c2017.
300    ^ax, 306 p. :^bcol. ill. ;^c27 cm.
650  0 ^aEnglish language^vTextbooks for foreign speakers.
650  0 ^aEnglish language^vProblems, exercises, etc.
650  0 ^aEnglish language^xGrammar.
700 1  ^aChapple, Joseph.
700 1  ^aSmalzer, William r.
945    ^p962^l0^i011896
999    ^aประนอม เกษจรัล
รายการนี้ยังไม่มีแท็ก
คุณยังไม่ได้ล็อกอิน คุณสามารถมีกิจกรรมร่วมกับเว็บไซต์ได้ แต่ต้องล็อกอินก่อน ::
  ล็อกอิน

รายการสื่อสารสนเทศ

ลำดับที่ ประเภท เลขเรียก/บาร์โค้ด สถานที่ สถานะ
1. การศึกษาทั่วไป
หนังสือสำรอง
สถานะ=หนังสือสำรอง
PE1112 M978B ฉ.1 
  Barcode: 011896
ห้องสมุดวิทยาเขตสวรรค์ประชารักษ์
►หนังสือทั่วไป
บนชั้น

รายการใกล้เคียง
    ผู้แต่ง [Murphy, Raymond.]

BibComment


ยังไม่เคยถูกคอมเมนท์

คอมเมนท์ทรัพยากรรายการนี้
  คอมเมนท์: Basic grammar in..


 Copyright 2026. Bcnsprnw @Library